| 000 | 01126nam a2200301Ia 4500 | ||
|---|---|---|---|
| 001 | 14128 | ||
| 003 | IT-RoPAU | ||
| 008 | 130308s9999 xx 000 0 und d | ||
| 040 | _aIT-RoPAU | ||
| 040 | _cIT-RoPAU | ||
| 041 | _aITALIANO | ||
| 100 | _aScarsi Giovanna | ||
| 100 | _gCodice Aut. SPICS: 1527 | ||
| 245 | _aScapigliatura e Novecento-Poesia, pittura, musica | ||
| 245 | _bScapigliatura e Novecento-Poesia, Pittura, Musica | ||
| 250 | _a1a ed. | ||
| 260 | _aROMA | ||
| 260 | _bStudium | ||
| 260 | _c1979 [1° Ed.:1979 - Ed.Ling.Originale:1979] | ||
| 300 | _a"260 p. (prefazione: no ; testo: 260)" | ||
| 500 | _aScapigliatura Scapigliature e Novecento Scapigliatura Piemontese Camerana e Manzoni Arti della Scapigliatura Rovani Giuseppe Dossi Carlo Pittura nella Scapigliatura Camerana Rapporto Poesia Pittura Novecento e Camerana Camerana Lucini Camerana campana Arrigo Boito Dalla Poesia Alla Musica Mefistofele e la riforma del Melodramma | ||
| 650 | _aSTORIA UNIVERSALE DELLE ARTI VISIVE | ||
| 650 | _eCodice materia Spics: 5009 | ||
| 942 | _cBK | ||
| 957 | _71 | ||
| 999 |
_c68639 _d68639 |
||
| 999 | _bSI | ||
| 999 | _g1 | ||